[Event "Preferente Aragonesa 2024 - Grupo II"]
[Site "?"]
[Date "2024.03.16"]
[Round "8.61"]
[White "Garcia Garcia, Enrique"]
[Black "Conon, Catalin"]
[Result "1/2-1/2"]
[WhiteElo "1842"]
[BlackElo "1893"]
[PlyCount "62"]
[GameId "2166508140122725"]
[EventDate "2024.01.27"]
[WhiteTeam "Dr. Azua"]
[BlackTeam "Aulazenter"]

1. d4 d5 2. c4 e6 3. Nc3 Nf6 4. cxd5 exd5 5. Bg5 c6 6. e3 h6 7. Bh4 Be7 8. Bd3 O-O 9. Qc2 Re8 10. Nge2 a5 11. O-O Na6 12. a3 Nc7 13. Na4 Ne6 14. Bxf6 Bxf6 15. b4 b5 16. Nc5 Nxc5 17. Qxc5 Bb7 18. Ng3 g6 19. Qc2 axb4 20. axb4 Qe7 21. Ra5 Kg7 22. Qb2 Rxa5 23. bxa5 Ra8 24. Ra1 Qc7 25. Qc3 Bd8 26. e4 Rxa5 27. Rxa5 Qxa5 28. Qxa5 Bxa5 29. exd5 cxd5 30. Bxb5 Bb6 31. Ne2 Kf6 1/2-1/2

[Event "Preferente Aragonesa 2024 - Grupo II"]
[Site "?"]
[Date "2024.03.16"]
[Round "8.62"]
[White "Iravedra Ainkov, Francisco"]
[Black "Casas Castillero, Jose Antonio"]
[Result "1-0"]
[WhiteElo "1861"]
[BlackElo "1690"]
[PlyCount "71"]
[GameId "2166508140163686"]
[EventDate "2024.01.27"]
[WhiteTeam "Aulazenter"]
[BlackTeam "Dr. Azua"]

1. e4 d5 2. d3 dxe4 3. dxe4 Qxd1+ 4. Kxd1 e5 5. Be3 Nf6 6. f3 Nc6 7. Bc4 Na5 8. Bb5+ Bd7 9. Bxd7+ Nxd7 10. Nd2 Nb6 11. b3 Bb4 12. Ne2 O-O-O 13. c3 Be7 14. Kc2 h6 15. h4 Rd7 16. Ng3 Rhd8 17. Nf5 Bf6 18. g4 g5 19. Nxh6 gxh4 20. g5 Rxd2+ 21. Bxd2 Rxd2+ 22. Kxd2 Bxg5+ 23. Ke2 Bxh6 24. Rxh4 Bg5 25. Rh7 Kd7 26. Rxf7+ Kc6 27. Rg1 Bf4 28. Rg6+ Kb5 29. a4+ Nxa4 30. bxa4+ Kxa4 31. Rxc7 Kb5 32. Kd3 Bh2 33. Rh7 Bf4 34. Rd6 Ka4 35. Rd5 a6 36. Rxa5+ 1-0

[Event "Preferente Aragonesa 2024 - Grupo II"]
[Site "?"]
[Date "2024.03.16"]
[Round "8.63"]
[White "Abenia Porroche, Roberto"]
[Black "Morales Anadon, Tomas"]
[Result "1/2-1/2"]
[WhiteElo "1686"]
[BlackElo "1643"]
[PlyCount "88"]
[GameId "2166508140249703"]
[EventDate "2024.01.27"]
[WhiteTeam "Dr. Azua"]
[BlackTeam "Aulazenter"]

1. Nf3 d5 2. d4 Nf6 3. g3 e6 4. Bg2 c5 5. c3 Nc6 6. O-O Be7 7. Nbd2 O-O 8. Re1 b5 9. a4 b4 10. dxc5 bxc3 11. bxc3 Bxc5 12. Ba3 Bxa3 13. Rxa3 Ba6 14. Nd4 Nxd4 15. cxd4 Qb6 16. e3 Rab8 17. Ra1 h6 18. h3 Rfc8 19. Bf1 Bxf1 20. Rxf1 Qa6 21. Kg2 Rb4 22. Re1 Rcb8 23. Ra3 Qb6 24. a5 Qb5 25. Ra1 Ne8 26. Qc1 a6 27. Qc3 Qb7 28. Reb1 Qe7 29. Qc6 Qd6 30. Rc1 Rb2 31. Nf3 Rd8 32. Ne5 Qxc6 33. Rxc6 Rd6 34. Rc8 Kf8 35. Nd3 Rb5 36. Nc5 Ke7 37. Ra8 Nc7 38. Ra7 Rc6 39. Rb7 Rxb7 40. Nxb7 Rc4 41. Rb1 Ra4 42. Rc1 Rc4 43. Rb1 Ra4 44. Rc1 Rc4 1/2-1/2

[Event "Preferente Aragonesa 2024 - Grupo II"]
[Site "?"]
[Date "2024.03.16"]
[Round "8.64"]
[White "Chueca Lorente, Javier"]
[Black "Larrosa Poves, Jose Manuel"]
[Result "1-0"]
[WhiteElo "2175"]
[BlackElo "1876"]
[PlyCount "57"]
[GameId "2166508140290664"]
[EventDate "2024.01.27"]
[WhiteTeam "MyInvestor Casablanca C"]
[BlackTeam "Agrupacion B"]

1. c4 f5 2. g3 Nf6 3. Bg2 e6 4. Nf3 d5 5. O-O Be7 6. d3 O-O 7. Nbd2 Nc6 8. e4 dxe4 9. dxe4 fxe4 10. Ng5 e3 11. fxe3 e5 12. Qc2 Nb4 13. Qc3 Ng4 14. Rxf8+ Qxf8 15. Ngf3 e4 16. Nxe4 Bf5 17. c5 Bxe4 18. Qc4+ Bd5 19. Qxg4 Bxc5 20. Ng5 Bxg2 21. Kxg2 h6 22. Qc4+ Kh8 23. Ne6 Qf6 24. Nxc5 Re8 25. Qe2 Qc6+ 26. e4 Qxc5 27. Bf4 Nd3 28. Qxd3 g5 29. Be3 1-0

[Event "Preferente Aragonesa 2024 - Grupo II"]
[Site "?"]
[Date "2024.03.16"]
[Round "8.65"]
[White "Palasi Mainar, Miguel Angel"]
[Black "Ruiz Fernandez, Daniel"]
[Result "0-1"]
[WhiteElo "1814"]
[BlackElo "2031"]
[PlyCount "90"]
[GameId "2166508140335721"]
[EventDate "2024.01.27"]
[WhiteTeam "Agrupacion B"]
[BlackTeam "MyInvestor Casablanca C"]

1. e4 e5 2. Nf3 Nc6 3. Bc4 Nf6 4. d3 Bc5 5. c3 O-O 6. Nbd2 a5 7. O-O d6 8. h3 h6 9. Re1 Be6 10. Bb5 Nd7 11. Nf1 d5 12. exd5 Bxd5 13. Be3 Bd6 14. c4 Bxf3 15. Qxf3 Nb4 16. Bxd7 Qxd7 17. Qd1 f5 18. f3 Nc6 19. a3 Kh8 20. Kh1 Rad8 21. d4 exd4 22. Bxd4 Qf7 23. Bc3 Bg3 24. Qxd8 Rxd8 25. Nxg3 Kh7 26. Rac1 Qg6 27. Ne2 Qd6 28. c5 Qxc5 29. Bf6 Qxc1 30. Rxc1 gxf6 31. Rc2 Rd7 32. Kh2 Ne5 33. Nf4 c6 34. Kg3 a4 35. h4 b5 36. h5 Kg7 37. Kf2 Kf7 38. Ke2 Nc4 39. Nd3 Rd4 40. g3 Ke7 41. Nf4 Kd6 42. Nd3 c5 43. Rc1 Rd5 44. Rc3 Ne5 45. Nf4 Rd4 {tiempo} 0-1

[Event "Preferente Aragonesa 2024 - Grupo II"]
[Site "?"]
[Date "2024.03.16"]
[Round "8.66"]
[White "Cebollada Pacheco, Jesus Raul"]
[Black "Guerra Perez, Rafael"]
[Result "1-0"]
[WhiteElo "1997"]
[BlackElo "1803"]
[PlyCount "77"]
[GameId "2166508140372586"]
[EventDate "2024.01.27"]
[WhiteTeam "MyInvestor Casablanca C"]
[BlackTeam "Agrupacion B"]

1. e4 e6 2. d4 d5 3. Nd2 Nf6 4. e5 Nfd7 5. Bd3 c5 6. c3 Nc6 7. Ndf3 cxd4 8. cxd4 f6 9. exf6 Nxf6 10. Ne2 Bd6 11. O-O O-O 12. Bf4 Bxf4 13. Nxf4 Qd6 14. Ne2 Ng4 15. Ng3 e5 16. Nxe5 Ncxe5 17. dxe5 Qh6 18. h3 Nxe5 19. Be2 Be6 20. Qd4 Nc6 21. Qa4 Rf4 22. Qd1 Raf8 23. Rc1 Kh8 24. Rc3 Ne5 25. Nh5 Re4 26. f4 Nc4 27. Bxc4 dxc4 28. f5 Bc8 29. Qf3 Qb6+ 30. Kh2 Qd6+ 31. Qg3 Qe7 32. Rcf3 Qe5 33. f6 Qxg3+ 34. Nxg3 Ree8 35. fxg7+ Kxg7 36. Nh5+ Kg8 37. Nf6+ Kh8 38. Nxe8 Rxe8 39. Rf8+ 1-0

[Event "Preferente Aragonesa 2024 - Grupo II"]
[Site "?"]
[Date "2024.03.16"]
[Round "8.67"]
[White "Casasnovas Sanchez, Raul"]
[Black "Jaime Galeano, Alcher"]
[Result "0-1"]
[WhiteElo "1604"]
[BlackElo "1787"]
[PlyCount "48"]
[GameId "2166508140409451"]
[EventDate "2024.01.27"]
[WhiteTeam "Agrupacion B"]
[BlackTeam "MyInvestor Casablanca C"]

1. e4 c5 2. d4 cxd4 3. c3 dxc3 4. Nxc3 Nc6 5. Nf3 e6 6. Bc4 a6 7. O-O Nge7 8. Bg5 h6 9. Be3 b5 10. Bb3 g5 11. Re1 Ng6 12. Nd5 Rb8 13. Rc1 Bg7 14. Nd4 exd5 15. exd5 Nce5 16. d6 Qf6 17. Nc6 dxc6 18. Rxc6 O-O 19. Bd4 Qd8 20. Rxe5 Nxe5 21. Bxe5 Bxe5 22. Qd3 Qf6 23. d7 Qxc6 24. Qg6+ Qxg6 0-1

[Event "Campeonato de Aragon por Equipos 2024 - "]
[Site "?"]
[Date "2024.03.23"]
[Round "9.1"]
[White "Forcen Esteban, Daniel"]
[Black "Fernandez Guillen, Ernesto J"]
[Result "1-0"]
[WhiteElo "2555"]
[BlackElo "2465"]
[PlyCount "71"]
[GameId "2166508140446316"]
[EventDate "2024.01.27"]
[WhiteTeam "Jaime Casas"]
[BlackTeam "Marcos Frechin A"]

1. Nf3 Nf6 2. g3 b6 3. Bg2 Bb7 4. O-O c5 5. d3 e6 6. e4 d6 7. c4 Nbd7 8. Nc3 Be7 9. b3 O-O 10. Bb2 a6 11. h4 Qc7 12. Nh2 Ne5 13. f4 Nc6 14. g4 Rfd8 15. g5 Nd7 16. Ng4 Nd4 17. Ne2 d5 18. cxd5 exd5 19. Nxd4 cxd4 20. Rc1 Qb8 21. e5 Bc5 22. Qe1 a5 23. Qg3 a4 24. b4 a3 25. Ba1 Bxb4 26. f5 Bc3 27. Bxc3 dxc3 28. d4 Ra4 29. Qxc3 b5 30. e6 fxe6 31. fxe6 Nb6 32. Qc5 Nc4 33. Qe7 Re8 34. Qd7 Qc8 35. Qf7+ Kh8 36. Nh6 1-0

[Event "Campeonato de Aragon por Equipos 2024 - "]
[Site "?"]
[Date "2024.03.23"]
[Round "9.2"]
[White "Hinojar Basa, Alfonso"]
[Black "Ramiro Ovejero, Juan Luis"]
[Result "0-1"]
[WhiteElo "2215"]
[BlackElo "2317"]
[PlyCount "90"]
[GameId "2166508140479085"]
[EventDate "2024.01.27"]
[WhiteTeam "Marcos Frechin A"]
[BlackTeam "Jaime Casas"]

1. e4 e5 2. Nf3 Nc6 3. Bc4 Nf6 4. d3 Bc5 5. O-O d6 6. c3 a6 7. Re1 Ba7 8. Bb3 O-O 9. h3 h6 10. Nbd2 Be6 11. Nf1 Re8 12. Ng3 d5 13. exd5 Nxd5 14. Nh5 Nf6 15. Nxf6+ Qxf6 16. Be3 Bxe3 17. Rxe3 Rad8 18. Bxe6 Rxe6 19. Qb3 b6 20. Rae1 Red6 21. Qc2 g6 22. Nxe5 Nxe5 23. Rxe5 Rxd3 24. Re8+ Kg7 25. Rxd8 Qxd8 26. Qe2 Rd2 27. Qe5+ Qf6 28. Qxf6+ Kxf6 29. Rb1 h5 30. Kf1 h4 31. a4 Rc2 32. Rd1 Rxb2 33. Rd7 c5 34. a5 bxa5 35. Ra7 Ra2 36. Rxa6+ Ke5 37. Ra7 a4 38. Rxf7 a3 39. Ra7 Ke4 40. Ra5 Kd3 41. g4 hxg3 42. fxg3 c4 43. h4 Kxc3 44. Kg1 Kb4 45. Ra8 Rb2 0-1

[Event "Campeonato de Aragon por Equipos 2024 - "]
[Site "?"]
[Date "2024.03.23"]
[Round "9.3"]
[White "Newrkla, Katharina"]
[Black "Miranda Herrera, Jorge Manuel"]
[Result "0-1"]
[WhiteElo "2209"]
[BlackElo "2091"]
[PlyCount "114"]
[GameId "2166508140515950"]
[EventDate "2024.01.27"]
[WhiteTeam "Jaime Casas"]
[BlackTeam "Marcos Frechin A"]

1. e4 d6 2. d4 Nf6 3. Nc3 e5 4. Nf3 Nbd7 5. a4 Be7 6. a5 O-O 7. Be2 Re8 8. O-O h6 9. d5 c6 10. Nd2 cxd5 11. exd5 Nf8 12. Nc4 Bd7 13. Be3 Ng6 14. Ra3 Qc8 15. Rb3 Nh4 16. Kh1 Nf5 17. Nb5 Qb8 18. a6 b6 19. f4 Bxb5 20. Rxb5 e4 21. Bf2 h5 22. Ne3 Qc8 23. Rb3 Nxe3 24. Bxe3 Qf5 25. Bb5 Nxd5 26. Bxe8 Rxe8 27. Qe2 Nxe3 28. Qxe3 d5 29. Qe2 Rd8 30. Rb5 Qc8 31. Rd1 Qxa6 32. c4 dxc4 33. Rxd8+ Bxd8 34. Rd5 Bf6 35. Rd1 Qc8 36. Rc1 b5 37. b3 c3 38. Qxb5 g6 39. Qd5 e3 40. Qe4 Qc5 41. g3 Kg7 42. Rc2 a5 43. Kg2 Qb5 44. Qxe3 Qxb3 45. Qe2 a4 46. h3 a3 47. Ra2 Qb2 48. Qc2 Qb7+ 49. Kh2 Qb4 50. Ra1 h4 51. Rb1 Qd6 52. Rd1 Qb4 53. Rb1 Qd4 54. Rd1 hxg3+ 55. Kxg3 Qe3+ 56. Kg2 Qxf4 57. Qb3 Qe4+ 0-1

[Event "Campeonato de Aragon por Equipos 2024 - "]
[Site "?"]
[Date "2024.03.23"]
[Round "9.4"]
[White "Moya Gimeno, Raul"]
[Black "Roque Sola, Jose Luis"]
[Result "0-1"]
[WhiteElo "1928"]
[BlackElo "2129"]
[PlyCount "72"]
[GameId "2166508140552815"]
[EventDate "2024.01.27"]
[WhiteTeam "Marcos Frechin A"]
[BlackTeam "Jaime Casas"]

1. e4 e5 2. Bc4 Nc6 3. Nc3 Nf6 4. d3 Be7 5. f4 d6 6. Nf3 exf4 7. Bxf4 O-O 8. Qd2 Na5 9. Bb3 Nxb3 10. axb3 Nh5 11. Be3 f5 12. O-O-O a5 13. Kb1 c6 14. Rhg1 f4 15. Bf2 b5 16. Nd4 Bd7 17. g4 Nf6 18. Nf5 Bxf5 19. exf5 Kh8 20. Rde1 a4 21. Qxf4 a3 22. g5 axb2 23. Kxb2 Qa5 24. Ra1 Qxc3+ 25. Kxc3 Nd5+ 26. Kd2 Nxf4 27. Rxa8 Rxa8 28. Rg4 Nd5 29. c4 bxc4 30. bxc4 Ra2+ 31. Ke1 Nb4 32. Bd4 Nxd3+ 33. Kf1 Ne5 34. Rg3 c5 35. Rb3 Ra8 36. Be3 Nxc4 0-1

[Event "Campeonato de Aragon por Equipos 2024 - "]
[Site "?"]
[Date "2024.03.23"]
[Round "9.5"]
[White "Romero Pallares, Daniel"]
[Black "Gines Esteo, Pedro Antonio"]
[Result "0-1"]
[WhiteElo "2296"]
[BlackElo "2472"]
[PlyCount "66"]
[GameId "2166508140585584"]
[EventDate "2024.01.27"]
[WhiteTeam "Palacio De Pioneros"]
[BlackTeam "MyInvestor Casablanca A"]

1. e4 c6 2. d4 d5 3. e5 Bf5 4. Bd3 Bxd3 5. Qxd3 Qa5+ 6. c3 Qa6 7. Qd1 e6 8. Ne2 c5 9. O-O Nc6 10. Be3 Nge7 11. Ng3 Qb6 12. Qd2 cxd4 13. cxd4 h5 14. Nc3 h4 15. Nge2 Nf5 16. Rfc1 Be7 17. Na4 Qb4 18. Qd1 Nxe3 19. fxe3 Bg5 20. Rc3 Ne7 21. a3 Qb5 22. Rac1 b6 23. b3 Nf5 24. Qd2 O-O 25. Nb2 f6 26. Nf4 fxe5 27. Nxe6 exd4 28. Nxg5 dxc3 29. Qxc3 Rae8 30. Re1 Rxe3 31. Qd2 Rxe1+ 32. Qxe1 Qc5+ 33. Kh1 Qe3 0-1

[Event "Campeonato de Aragon por Equipos 2024 - "]
[Site "?"]
[Date "2024.03.23"]
[Round "9.6"]
[White "Glavina, Pablo"]
[Black "Palacios Herrero, Pablo"]
[Result "1-0"]
[WhiteElo "2406"]
[BlackElo "2190"]
[PlyCount "123"]
[GameId "2166508140675697"]
[EventDate "2024.01.27"]
[WhiteTeam "MyInvestor Casablanca A"]
[BlackTeam "Palacio De Pioneros"]

1. e4 e6 2. d3 d5 3. Qe2 Be7 4. Nf3 Nf6 5. g3 O-O 6. Bg2 c5 7. O-O Nc6 8. e5 Nd7 9. c4 b5 10. cxb5 Na5 11. Qc2 a6 12. a4 Qb6 13. Na3 Bb7 14. Be3 Rfc8 15. b4 cxb4 16. Bxb6 Rxc2 17. Nxc2 Nxb6 18. Rfb1 b3 19. Ncd4 Nd7 20. Nxb3 Nxb3 21. Rxb3 axb5 22. Rxb5 Bc6 23. Rb3 Nc5 24. Rc3 Bb5 25. Bf1 Nxa4 26. d4 Be8 27. Rb3 Bf8 28. Bb5 Bxb5 29. Rxb5 Nc3 30. Rxa8 Nxb5 31. Rb8 Nc3 32. Re8 g6 33. Rc8 Nb5 34. Kf1 Kg7 35. Ke2 h6 36. Kd3 Kg8 37. Nd2 Kg7 38. Nb3 Na3 39. Nc5 Nc4 40. Nd7 Ba3 41. g4 Be7 42. Rb8 Bg5 43. f3 h5 44. h3 hxg4 45. hxg4 Ne3 46. Rb2 Nc4 47. Rf2 Bf4 48. Nc5 Na5 49. Rb2 Nc4 50. Rb7 Kg8 51. Nd7 Nd2 52. Nf6+ Kf8 53. Rb8+ Kg7 54. Ne8+ Kh6 55. Nd6 Nxf3 56. Nxf7+ Kh7 57. Rb7 Nh2 58. Ng5+ Kh8 59. Nxe6 Bc1 60. Rb1 Bh6 61. g5 Bg7 62. Rh1 1-0

[Event "Campeonato de Aragon por Equipos 2024 - "]
[Site "?"]
[Date "2024.03.23"]
[Round "9.7"]
[White "Garcia Gracia, Victor Hugo"]
[Black "Quintin Navarro, Alberto"]
[Result "1/2-1/2"]
[WhiteElo "2171"]
[BlackElo "2371"]
[PlyCount "111"]
[GameId "2166508140712562"]
[EventDate "2024.01.27"]
[WhiteTeam "Palacio De Pioneros"]
[BlackTeam "MyInvestor Casablanca A"]

1. e4 c6 2. Nc3 d5 3. Nf3 Bg4 4. h3 Bxf3 5. Qxf3 e6 6. d4 Nf6 7. Bg5 Be7 8. Bxf6 Bxf6 9. e5 Be7 10. Qg4 g6 11. Bd3 Nd7 12. Ne2 c5 13. c3 cxd4 14. cxd4 Bb4+ 15. Kf1 Rc8 16. h4 h5 17. Qf4 Bf8 18. Rh3 Bh6 19. Qf3 Qb6 20. Kg1 Qb4 21. Rd1 Rf8 22. Nc3 Qxd4 23. Bb5 Qg4 24. Nxd5 exd5 25. Qxd5 Qxd1+ 26. Qxd1 Rc1 27. Rd3 a6 28. Bxd7+ Ke7 29. Ba4 Rxd1+ 30. Rxd1 Rd8 31. Rxd8 Kxd8 32. Bb3 Ke7 33. Bd5 b6 34. g3 Bc1 35. b3 Bb2 36. f4 a5 37. Kf2 Bd4+ 38. Kf3 Kf8 39. g4 hxg4+ 40. Kxg4 Kg7 41. h5 gxh5+ 42. Kxh5 f6 43. e6 Kf8 44. Kg6 Ke7 45. Kf5 Bc5 46. Bc6 Bd6 47. Bd7 Bc5 48. Ke4 Bd6 49. f5 Bc5 50. Kd5 Bf2 51. Kc6 Be3 52. a4 Bf2 53. Kd5 Bg1 54. Kc6 Bf2 55. Kd5 Bg1 56. Kc6 1/2-1/2

[Event "Campeonato de Aragon por Equipos 2024 - "]
[Site "?"]
[Date "2024.03.23"]
[Round "9.8"]
[White "Roldan Marques, Daniel"]
[Black "Lacruz Algarate, Alvaro"]
[Result "1/2-1/2"]
[WhiteElo "2157"]
[BlackElo "2114"]
[PlyCount "125"]
[GameId "2166508140749427"]
[EventDate "2024.01.27"]
[WhiteTeam "MyInvestor Casablanca A"]
[BlackTeam "Palacio De Pioneros"]

1. d4 d5 2. c4 e6 3. Nc3 Nf6 4. cxd5 exd5 5. Bg5 Be7 6. e3 O-O 7. Bd3 Nbd7 8. Nge2 Re8 9. O-O Nf8 10. Qc2 c6 11. Rab1 Ng4 12. Bxe7 Qxe7 13. h3 Nh6 14. b4 a6 15. a4 g6 16. Ng3 Qh4 17. Rfe1 Ne6 18. Nce2 Bd7 19. b5 axb5 20. axb5 Ra5 21. bxc6 Bxc6 22. Ra1 Rea8 23. Qb2 Qd8 24. Nc3 Rxa1 25. Rxa1 Rxa1+ 26. Qxa1 Qb6 27. Qa8+ Kg7 28. Qb8 Qc7 29. Qa7 Ng8 30. Nge2 Ne7 31. Na2 Qd6 32. Nec3 h5 33. Qa5 h4 34. Nb4 Qc7 35. Qa2 Qd6 36. Qb3 Nc7 37. Bb1 Nb5 38. Ne2 Nc7 39. Nc3 Qd7 40. Ba2 Qd6 41. Nd3 Na6 42. e4 Nc7 43. e5 Qd8 44. Nc5 Nf5 45. Ne2 Bb5 46. Nf4 Bc4 47. Qxb7 Nxd4 48. Bxc4 dxc4 49. e6 c3 50. exf7 c2 51. Qb2 Kxf7 52. Nb3 Ne2+ 53. Nxe2 Qd1+ 54. Kh2 Qxe2 55. Qc3 Ne6 56. Qe3 Qxe3 57. fxe3 Nc5 58. Nc1 Ne4 59. Kg1 Kf6 60. Kf1 Ke5 61. Ke2 Ng3+ 62. Kd3 Nf5 63. Ne2 1/2-1/2

[Event "Campeonato de Aragon por Equipos 2024 - "]
[Site "?"]
[Date "2024.03.23"]
[Round "9.9"]
[White "Cifuentes Parada, Roberto"]
[Black "Del Rey, Diego"]
[Result "1-0"]
[WhiteElo "2380"]
[BlackElo "2302"]
[PlyCount "45"]
[GameId "2166508140790388"]
[EventDate "2024.01.27"]
[WhiteTeam "Jaque - Aramovil"]
[BlackTeam "El Olivar"]

1. d4 e6 2. Nf3 c5 3. e3 Nf6 4. Bd3 d5 5. c3 Nbd7 6. Nbd2 Bd6 7. O-O O-O 8. Re1 Qc7 9. e4 cxd4 10. cxd4 dxe4 11. Nxe4 Nxe4 12. Rxe4 Nf6 13. Rh4 h6 14. Bxh6 Rd8 15. Qd2 Bf8 16. Bf4 Qb6 17. Qc2 Bd6 18. Be5 Bd7 19. Ng5 Be8 20. Qe2 Be7 21. Qf3 Qxb2 22. Rb1 Qd2 23. Qh3 1-0

[Event "Campeonato de Aragon por Equipos 2024 - "]
[Site "?"]
[Date "2024.03.23"]
[Round "9.10"]
[White "Munoz Perez, Ivan"]
[Black "Escartin Lacasa, Jose"]
[Result "0-1"]
[WhiteElo "2259"]
[BlackElo "2252"]
[PlyCount "88"]
[GameId "2166508140823157"]
[EventDate "2024.01.27"]
[WhiteTeam "El Olivar"]
[BlackTeam "Jaque - Aramovil"]

1. e4 c5 2. Nc3 Nc6 3. g3 g6 4. Bg2 Bg7 5. d3 d6 6. Be3 e6 7. Qd2 Rb8 8. Nf3 b5 9. O-O Nd4 10. Nd1 b4 11. Ne1 Qa5 12. a3 Qa6 13. Bxd4 Bxd4 14. c3 bxc3 15. Nxc3 Ne7 16. Nf3 Bg7 17. d4 cxd4 18. Nxd4 O-O 19. b4 Rd8 20. Rfd1 d5 21. exd5 Bb7 22. b5 Qb6 23. Rac1 Nxd5 24. Na4 Qd6 25. Nc6 Bxc6 26. bxc6 Rbc8 27. Qa5 Qxa3 28. Rc4 Nb6 29. Rxd8+ Rxd8 30. c7 Rd1+ 31. Bf1 Qd3 32. c8=Q+ Nxc8 33. Rxc8+ Bf8 34. Rxf8+ Kxf8 35. Qc5+ Ke8 36. Qc8+ Ke7 37. Qc7+ Kf6 38. Qc3+ Qxc3 39. Nxc3 Rc1 40. Na4 Ra1 41. Nc3 a5 42. Kg2 a4 43. Bd3 Ra3 44. Ne4+ Ke5 0-1

[Event "Campeonato de Aragon por Equipos 2024 - "]
[Site "?"]
[Date "2024.03.23"]
[Round "9.11"]
[White "Calvo Simon, Jorge"]
[Black "Miranda Herrera, Miguel"]
[Result "1/2-1/2"]
[WhiteElo "2195"]
[BlackElo "2104"]
[PlyCount "63"]
[GameId "2166508140872310"]
[EventDate "2024.01.27"]
[WhiteTeam "Jaque - Aramovil"]
[BlackTeam "El Olivar"]

1. e4 e5 2. Nf3 Nc6 3. Bc4 Bc5 4. c3 Nf6 5. d3 O-O 6. O-O d5 7. exd5 Nxd5 8. a4 a6 9. Re1 Bg4 10. a5 Kh8 11. Nbd2 f5 12. Nf1 Qd6 13. h3 Bh5 14. Ng3 Bxf3 15. Qxf3 e4 16. Nxf5 Rxf5 17. Qxf5 Rf8 18. Qxd5 Bxf2+ 19. Kh1 Qxd5 20. Bxd5 Bxe1 21. Bf4 Bxc3 22. Bxc7 Bxb2 23. Rb1 Bc3 24. Bxc6 bxc6 25. dxe4 Rc8 26. Rb7 Kg8 27. Kg1 Re8 28. Bb6 Re5 29. Rb8+ Kf7 30. Bc7 Rb5 31. Ra8 Bxa5 32. Rxa6 1/2-1/2

[Event "Campeonato de Aragon por Equipos 2024 - "]
[Site "?"]
[Date "2024.03.23"]
[Round "9.12"]
[White "Galstyan, David"]
[Black "Ereza Vizcarra, Fernando"]
[Result "1-0"]
[WhiteElo "2052"]
[BlackElo "2166"]
[PlyCount "73"]
[GameId "2166508140913271"]
[EventDate "2024.01.27"]
[WhiteTeam "El Olivar"]
[BlackTeam "Jaque - Aramovil"]

1. e4 d6 2. d4 Nf6 3. Nc3 e5 4. Nge2 Be7 5. g3 exd4 6. Nxd4 d5 7. e5 Ne4 8. Nxe4 dxe4 9. Bg2 Qd5 10. O-O O-O 11. c3 Qxe5 12. Bf4 Qa5 13. Bxe4 Bf6 14. Nb3 Qb6 15. Be3 Qb5 16. a4 Qe8 17. Qc2 g6 18. Rfe1 Nd7 19. Bh6 Qd8 20. Bxf8 Qxf8 21. f4 c6 22. a5 Rb8 23. Qf2 Be7 24. Qxa7 Nc5 25. Qxb8 Bd6 26. Qa8 Nxb3 27. Rad1 Bc5+ 28. Kh1 h5 29. a6 bxa6 30. Bxc6 Na5 31. Re8 Qxe8 32. Bxe8 Bb7+ 33. Qxb7 Nxb7 34. b4 Bf8 35. Ra1 Bg7 36. Rxa6 Bxc3 37. Bxf7+ 1-0

[Event "Campeonato de Aragon por Equipos 2024 - "]
[Site "?"]
[Date "2024.03.23"]
[Round "9.13"]
[White "Garza Marco, Sergio"]
[Black "Llanes Luno, Ricardo"]
[Result "1-0"]
[WhiteElo "2376"]
[BlackElo "2149"]
[PlyCount "99"]
[GameId "2166508140950136"]
[EventDate "2024.01.27"]
[WhiteTeam "Helios"]
[BlackTeam "Delicias"]

1. d4 d5 2. c4 e6 3. Nf3 Nf6 4. Nc3 Nbd7 5. Bf4 c6 6. e3 Bb4 7. Qc2 Qa5 8. Nd2 Ne4 9. Ndxe4 dxe4 10. Be2 O-O 11. O-O f5 12. a3 Be7 13. b4 Qd8 14. f3 exf3 15. Bxf3 Bg5 16. Qe2 Bxf4 17. exf4 Nf6 18. Rfd1 Bd7 19. Na4 Qc7 20. Qe5 Rac8 21. Nb2 Qb6 22. Nd3 Rce8 23. Qe3 Bc8 24. Ne5 Rd8 25. Rab1 Rfe8 26. Rb3 Nd7 27. c5 Qc7 28. Nc4 Nf6 29. Nd6 Rf8 30. Re1 Bd7 31. a4 a6 32. Nc4 Rde8 33. Qe5 Qxe5 34. fxe5 Nd5 35. Nd6 Rb8 36. Bxd5 cxd5 37. b5 a5 38. Rc1 f4 39. Rbc3 g5 40. h3 Kg7 41. c6 bxc6 42. bxc6 Bxc6 43. Rxc6 Rb4 44. Rc7+ Kg6 45. Re7 Rxd4 46. Rcc7 h6 47. Rxe6+ Kh5 48. Rh7 Kh4 49. Kh2 h5 50. Reh6 1-0

[Event "Campeonato de Aragon por Equipos 2024 - "]
[Site "?"]
[Date "2024.03.23"]
[Round "9.14"]
[White "Lamas Mercadal, Manuel"]
[Black "Navarro Alonso, Jorge"]
[Result "1/2-1/2"]
[WhiteElo "2098"]
[BlackElo "2173"]
[PlyCount "44"]
[GameId "2166508140982905"]
[EventDate "2024.01.27"]
[WhiteTeam "Delicias"]
[BlackTeam "Helios"]

1. e4 c5 2. d4 cxd4 3. c3 d5 4. exd5 Qxd5 5. cxd4 Nc6 6. Nf3 Bg4 7. Nc3 Bxf3 8. gxf3 Qxd4 9. Qxd4 Nxd4 10. Nb5 Nc2+ 11. Kd1 Nxa1 12. Nc7+ Kd7 13. Nxa8 Nf6 14. Be3 g6 15. Bb5+ Kd6 16. Kc1 Nd5 17. Rd1 e6 18. b4 b6 19. Bf4+ Ke7 20. Bg5+ Kd6 21. Bf4+ Ke7 22. Bg5+ Kd6 1/2-1/2

[Event "Campeonato de Aragon por Equipos 2024 - "]
[Site "?"]
[Date "2024.03.23"]
[Round "9.15"]
[White "Eizaguerri Floris, Maria"]
[Black "Gaspar Calvo, Luis Alberto"]
[Result "1-0"]
[WhiteElo "2127"]
[BlackElo "1839"]
[PlyCount "89"]
[GameId "2166508141019770"]
[EventDate "2024.01.27"]
[WhiteTeam "Helios"]
[BlackTeam "Delicias"]

1. e4 c5 2. Nf3 a6 3. Nc3 e6 4. d4 cxd4 5. Nxd4 Qc7 6. g3 Nc6 7. Bg2 Nf6 8. O-O Nxd4 9. Qxd4 Bc5 10. Bf4 Bxd4 11. Bxc7 Bxc3 12. bxc3 d5 13. Rfd1 O-O 14. e5 Ne4 15. Ba5 f5 16. a4 Bd7 17. c4 Bc6 18. f3 Ng5 19. h4 Nf7 20. f4 dxc4 21. Bxc6 bxc6 22. Rd4 Rfc8 23. Rxc4 Rab8 24. Rd1 Rb7 25. Rd3 Rb1+ 26. Kf2 g6 27. Rdc3 Ra1 28. Rb3 Nh6 29. Rb6 Ng4+ 30. Ke2 Rg1 31. Rbxc6 Rg2+ 32. Ke1 Rxc6 33. Rxc6 Ne3 34. Bd2 Ng4 35. c4 Rxg3 36. c5 Ra3 37. Rxa6 Nh2 38. Kf2 Ra2 39. Ke2 Rc2 40. Ra8+ Kg7 41. Rc8 Kh6 42. c6 Nf3 43. Kxf3 Rxd2 44. c7 Rc2 45. a5 1-0

[Event "Campeonato de Aragon por Equipos 2024 - "]
[Site "?"]
[Date "2024.03.23"]
[Round "9.16"]
[White "Garicano Jaen, Pablo"]
[Black "Cerrajeria Ruiz, Jesus Maria"]
[Result "0-1"]
[WhiteElo "1574"]
[BlackElo "2060"]
[PlyCount "70"]
[GameId "2166508141109883"]
[EventDate "2024.01.27"]
[WhiteTeam "Delicias"]
[BlackTeam "Helios"]

1. e4 c5 2. d4 cxd4 3. c3 Nf6 4. e5 Nd5 5. cxd4 d6 6. exd6 e6 7. Nc3 Nxc3 8. bxc3 Bxd6 9. Bd3 Qc7 10. Ne2 O-O 11. Bd2 e5 12. Qc2 h6 13. dxe5 Bxe5 14. Ng3 Nc6 15. O-O Bf4 16. Rfe1 Bxd2 17. Qxd2 Rd8 18. Rad1 Bg4 19. f3 Be6 20. Qb2 b6 21. Nh5 Ne5 22. Be4 Rxd1 23. Rxd1 Rd8 24. Rxd8+ Qxd8 25. Nf4 Qd1+ 26. Kf2 Bc4 27. a3 Qf1+ 28. Kg3 g5 29. Nh5 Qe1+ 30. Qf2 Qxc3 31. Nf6+ Kf8 32. h4 gxh4+ 33. Kxh4 Ng6+ 34. Bxg6 Qxf6+ 35. Kh3 fxg6 0-1